000 00589nam a2200229Ia 4500
003 OSt
005 20220928141755.0
006 a|||||r|||| 00| 0
007 ta
008 220927b |||||||| |||| 00| 0 eng d
024 _a17604
037 _cTextual
040 _aSDCL
_cSDCL
_beng
041 _2eng
_aeng
082 _aO15:gx, L7
100 _aAwasthi Brahmamitr
_9502179
245 0 _aShabd vayapaar vichaar.
260 _c1977
700 _a Awasthi Indu
_9502180
942 _hO15:gx, L7
_cTEXL
_2CC
999 _c819925
_d819925